00552nam a2200181Ia 4500008004100000020001400041050001400055100002000069245002900089245005200118260001000170260002000180260000900200300001400209300002500223999001900248952010300267180207s9999 xx 000 0 und d a153021217 bR771 1994 aRondon, Javier. 4aThe absent-minded toad / cJavier Rondon ; illustrated by Marcela Cabrera. aUSA : bHarcourt Brace, c1994 aunpaged : bcolor illustration ; c355038d355038 001040aSSISMbSSISMd2018-02-07l0oER R771 1994pSSISM4583r2018-02-07 00:00:00w2018-02-07yBK